Eḍavāṃsḍa ikônômika thyaurī. (Record no. 62239)
[ view plain ]
| 000 -LEADER | |
|---|---|
| fixed length control field | 00582cam a22002291 4500 |
| 001 - CONTROL NUMBER | |
| control field | sa 65001803 |
| 003 - CONTROL NUMBER IDENTIFIER | |
| control field | DLC |
| 005 - DATE AND TIME OF LATEST TRANSACTION | |
| control field | 20260227112111.0 |
| 008 - FIXED-LENGTH DATA ELEMENTS--GENERAL INFORMATION | |
| fixed length control field | 890415s1964 xx 000 0 hino |
| 010 ## - LIBRARY OF CONGRESS CONTROL NUMBER | |
| LC control number | sa 65001803 |
| 035 ## - SYSTEM CONTROL NUMBER | |
| System control number | (OCoLC)23544126 |
| 040 ## - CATALOGING SOURCE | |
| Original cataloging agency | DLC |
| Transcribing agency | MiU |
| Modifying agency | DLC |
| 042 ## - AUTHENTICATION CODE | |
| Authentication code | premarc |
| 050 00 - LIBRARY OF CONGRESS CALL NUMBER | |
| Classification number | HB180.H5 |
| Item number | M53 |
| 100 1# - MAIN ENTRY--PERSONAL NAME | |
| Personal name | Mittala, S. C. |
| 245 10 - TITLE STATEMENT | |
| Title | Eḍavāṃsḍa ikônômika thyaurī. |
| 260 ## - PUBLICATION, DISTRIBUTION, ETC. | |
| Date of publication, distribution, etc. | [1964] |
| 300 ## - PHYSICAL DESCRIPTION | |
| Extent | 1 v. |
| Other physical details | (various pagings) illus. |
| Dimensions | 22 cm. |
| 500 ## - GENERAL NOTE | |
| General note | Romanized. |
| 650 #0 - SUBJECT ADDED ENTRY--TOPICAL TERM | |
| Topical term or geographic name entry element | Economics |
| 740 0# - ADDED ENTRY--UNCONTROLLED RELATED/ANALYTICAL TITLE | |
| Uncontrolled related/analytical title | Advanced economic theory. |
No items available.